[Event "Titled Tuesday intern op 01st Apr Late"]
[Site "Chess.com INT"]
[Date "2025.04.01"]
[Round "11"]
[White "Peed, Grant"]
[Black "Sinkar, Anagha Aniket"]
[Result "1-0"]
[WhiteElo "1818"]
[BlackElo "1811"]
[PlyCount "57"]
[EventDate "2025.04.01"]
[EventType "swiss (blitz)"]
[EventRounds "11"]
[EventCountry "USA"]
[SourceTitle "CB21_2025"]
[SourceDate "2025.05.21"]
[SourceVersion "1"]
[SourceVersionDate "2025.05.21"]
[SourceQuality "1"]

1. Nf3 Nf6 2. g3 g6 3. Bg2 Bg7 4. 0-0 0-0 5. d4 d6 6. c4 c5 7. Nc3 Nc6 8. d5 Na5 9. Qd3 e6 10. dxe6 Bxe6 11. b3 Bf5 12. e4 Nxe4 13. Nxe4 Bxa1 14. Nh4 Bxe4 15. Bxe4 Qe7 16. Bd2 Nxb3 17. axb3 Bd4 18. Nf3 Bg7 19. Bf4 Rad8 20. Re1 Qf6 21. Bxb7 Rde8 22. Rxe8 Rxe8 23. Qxd6 Qc3 24. Qxc5 Qxb3 25. Bd5 Qd1+ 26. Kg2 h5 27. Qxa7 Re2 28. Qxf7+ Kh7 29. Qg8# 1-0

[Event "Titled Tuesday intern op 11th Mar Late"]
[Site "Chess.com INT"]
[Date "2025.03.11"]
[Round "6"]
[White "Kiseleva, Arina"]
[Black "Sinkar, Anagha Aniket"]
[Result "1-0"]
[WhiteElo "1955"]
[BlackElo "1851"]
[PlyCount "45"]
[EventDate "2025.03.11"]
[EventType "swiss (blitz)"]
[EventRounds "11"]
[EventCountry "USA"]
[SourceTitle "CB12_2025"]
[SourceDate "2025.03.19"]
[SourceVersion "1"]
[SourceVersionDate "2025.03.19"]
[SourceQuality "1"]

1. d4 Nf6 2. Bg5 g6 3. Nd2 d5 4. Bxf6 exf6 5. e3 Bg7 6. c4 0-0 7. Ngf3 c5 8. cxd5 Qxd5 9. Bc4 Qd8 10. dxc5 Qa5 11. Rc1 Nd7 12. a3 Ne5 13. Nxe5 fxe5 14. 0-0 Bf5 15. e4 Bd7 16. Nb3 Qa4 17. Qf3 Rad8 18. Rfd1 h5 19. h3 Bh6 20. Rc3 Qc6 21. Rcd3 Qc7 22. Qf6 Kh7 23. Bxf7 1-0

[Event "Titled Tuesday intern op 04th Feb Late"]
[Site "Chess.com INT"]
[Date "2025.02.04"]
[Round "10"]
[White "Souza dos Santos, Matheus Garcett"]
[Black "Sinkar, Anagha Aniket"]
[Result "1-0"]
[WhiteElo "1967"]
[BlackElo "1789"]
[PlyCount "101"]
[EventDate "2025.02.04"]
[EventType "swiss (blitz)"]
[EventRounds "11"]
[EventCountry "USA"]
[SourceTitle "CB07_2025"]
[SourceDate "2025.02.12"]
[SourceVersion "1"]
[SourceVersionDate "2025.02.12"]
[SourceQuality "1"]

1. e4 c5 2. Nf3 Nc6 3. d4 cxd4 4. Nxd4 g6 5. Nc3 Bg7 6. Be3 Nf6 7. Bc4 0-0 8. Bb3 d6 9. f3 Bd7 10. h4 h5 11. Qd2 a6 12. 0-0-0 b5 13. g4 hxg4 14. h5 Nxh5 15. Rxh5 gxh5 16. Nxc6 Bxc6 17. Bh6 e6 18. Bxg7 Kxg7 19. fxg4 hxg4 20. Rg1 Qh4 21. Qxd6 Qg5+ 22. Kb1 Bb7 23. Qd7 Bc8 24. Qc6 Ra7 25. e5 Rd7 26. Qe4 Rh8 27. a4 Rh4 28. axb5 axb5 29. Nxb5 Bb7 30. Qe2 Bc6 31. Nd6 Ra7 32. Rf1 g3 33. Rxf7+ Rxf7 34. Nxf7 Kxf7 35. Qa6 Bd5 36. Bxd5 exd5 37. Qb7+ Kg6 38. Qxd5 g2 39. Qe6+ Kh5 40. Qe8+ Qg6 41. Qh8+ Kg4 42. Qc8+ Qf5 43. Qc4+ Qf4 44. Qg8+ Qg5 45. Qc4+ Kh3 46. Qd3+ Kh2 47. Qd6 g1Q+ 48. Ka2 Qa7+ 49. Kb3 Rh3+ 50. c3 Qg8+ 51. e6+ 1-0

[Event "Wch U12 Girls"]
[Site "Montesilvano"]
[Date "2024.11.22"]
[Round "7"]
[White "Sinkar, Anagha Aniket"]
[Black "Illes Nagy, Nora"]
[Result "1/2-1/2"]
[WhiteElo "1723"]
[BlackElo "1803"]
[PlyCount "82"]
[EventDate "2024.11.15"]
[EventType "swiss"]
[EventRounds "11"]
[EventCountry "ITA"]
[SourceTitle "CB48_2024"]
[SourceDate "2024.11.28"]
[SourceVersion "1"]
[SourceVersionDate "2024.11.28"]
[SourceQuality "1"]

1. e4 c5 2. c3 d5 3. exd5 Qxd5 4. d4 Nf6 5. Nf3 e6 6. Be3 cxd4 7. cxd4 Bb4+ 8. Nc3 0-0 9. Bd3 b6 10. 0-0 Bxc3 11. bxc3 Ba6 12. Bxa6 Nxa6 13. Qa4 Qb7 14. c4 Rac8 15. Rfc1 Nb8 16. h3 h6 17. Rab1 Rfd8 18. Qb5 Qd7 19. a4 Nc6 20. Ne5 Nxe5 21. Qxe5 Qe7 22. a5 Nd7 23. Qh5 Rc6 24. Rb3 Rdc8 25. Bxh6 gxh6 26. Qxh6 Nf8 27. Rg3+ Ng6 28. h4 Qf8 29. Qg5 Kh7 30. axb6 axb6 31. Rcc3 Qh6 32. Qf6 Qg7 33. Qxg7+ Kxg7 34. h5 Rxc4 35. Rxc4 Rxc4 36. hxg6 fxg6 37. Rb3 Rc6 38. Kf1 Rd6 39. Rb4 Kf6 40. Ke2 b5 41. Rxb5 Rxd4 1/2-1/2

[Event "Wch U12 Girls"]
[Site "Montesilvano"]
[Date "2024.11.19"]
[Round "5"]
[White "Sinkar, Anagha Aniket"]
[Black "Amanzhol, Khanzada"]
[Result "0-1"]
[WhiteElo "1723"]
[BlackElo "1780"]
[PlyCount "90"]
[EventDate "2024.11.15"]
[EventType "swiss"]
[EventRounds "11"]
[EventCountry "ITA"]
[SourceTitle "CB48_2024"]
[SourceDate "2024.11.28"]
[SourceVersion "1"]
[SourceVersionDate "2024.11.28"]
[SourceQuality "1"]

1. e4 c5 2. c3 Nf6 3. e5 Nd5 4. Nf3 Nc6 5. Bc4 Nb6 6. Bb3 c4 7. Bc2 d6 8. exd6 Qxd6 9. d4 Bg4 10. 0-0 0-0-0 11. Nbd2 e5 12. Qe2 exd4 13. Nxc4 Nxc4 14. Qxc4 Bxf3 15. Bf5+ Kb8 16. gxf3 Ne5 17. Qe2 d3 18. Qe4 g6 19. Bf4 Bg7 20. Bh3 Rhe8 21. Rfd1 Ka8 22. Bf1 f5 23. Qe3 g5 24. Bxe5 Bxe5 25. Rxd3 Bxh2+ 26. Kg2 Qh6 27. Rxd8+ Rxd8 28. f4 Bxf4 29. Qh3 Qg6 30. Qf3 Bb8 31. Bd3 g4 32. Qe3 Qd6 33. Rd1 Qh2+ 34. Kf1 f4 35. Qe4 Qh3+ 36. Ke2 f3+ 37. Kd2 Qg2 38. Ke3 Qh3 39. Kd2 Qh2 40. Qxg4 Qxf2+ 41. Kc1 Qe3+ 42. Kc2 Bf4 43. Qh4 Bg5 44. Qxh7 f2 45. Qh1 Bf4 0-1

[Event "Wch U12 Girls"]
[Site "Montesilvano"]
[Date "2024.11.18"]
[Round "4"]
[White "Sinkar, Anagha Aniket"]
[Black "Bassari, Senem Gul"]
[Result "1-0"]
[WhiteElo "1723"]
[BlackElo "1778"]
[PlyCount "125"]
[EventDate "2024.11.15"]
[EventType "swiss"]
[EventRounds "11"]
[EventCountry "ITA"]
[SourceTitle "CB48_2024"]
[SourceDate "2024.11.28"]
[SourceVersion "1"]
[SourceVersionDate "2024.11.28"]
[SourceQuality "1"]

1. e4 c5 2. c3 d5 3. exd5 Qxd5 4. d4 Nf6 5. Be3 e6 6. dxc5 Nbd7 7. b4 a5 8. Nf3 Be7 9. Bb5 axb4 10. cxb4 Qxd1+ 11. Kxd1 Nd5 12. c6 bxc6 13. Bxc6 Nxe3+ 14. fxe3 Ra7 15. b5 0-0 16. Nbd2 Nb6 17. e4 Rd8 18. Kc2 Ra4 19. Rhd1 Bd7 20. Bxd7 Rxd7 21. Rdc1 Nc4 22. Nxc4 Rxc4+ 23. Kb3 Rb4+ 24. Kc3 Rxe4 25. Rab1 Re3+ 26. Kc4 Re4+ 27. Kc3 Re3+ 28. Kc4 Re4+ 29. Kc3 Bf6+ 30. Kb3 Rd3+ 31. Kc2 Rd6 32. Kb3 Rd3+ 33. Kc2 Rd8 34. Kb3 Re3+ 35. Kc4 Ra3 36. b6 Ra4+ 37. Kb5 Raa8 38. b7 Rab8 39. Ka6 e5 40. Rc4 Re8 41. Ka7 h5 42. Rbc1 e4 43. Ne1 Bg5 44. R1c2 Be3+ 45. Ka6 Kh7 46. Rc8 Re6+ 47. R2c6 Rxc6+ 48. Rxc6 Re8 49. Rc8 Re6+ 50. Ka5 Re5+ 51. Ka4 Ba7 52. Ra8 e3 53. Rxa7 Re4+ 54. Kb3 Re8 55. Ra8 Re6 56. b8Q e2 57. Ra5 g6 58. Re5 Rf6 59. Rxe2 h4 60. Re8 Kh6 61. Rh8+ Kg5 62. Qe5+ Rf5 63. Nf3+ 1-0